WORD CHAIN: The Animal Kingdom - Statistics

General Stats
  • This quiz has been taken 782 times
  • The average score is 11 of 15
Answer Stats
Clue Answer % Correct
Probably the most famous extinct bird dodo
91%
Arboreal primate native to Madagascar lemur
91%
The largest variety of penguin emperor
88%
Small arctic whale dubbed the “unicorn of the sea” narwhal
88%
Creepy-crawly whose name suggests it has 1000 feet millipede
86%
Island that’s home to a fierce marsupial known as a “devil” Tasmania
86%
Wood-eating insect that lives in a colony termite
84%
Large black bird of the kind traditionally kept at the Tower of London raven
80%
Adjective commonly used to describe species at high risk of extinction endangered
79%
Thick-skinned horned mammal rhinoceros
70%
Limbless invertebrate soil-dweller earthworm
65%
Archaic English word for a snake serpent
62%
The type of animal of which oryx and wildebeest are examples antelope
47%
Any member of the largest order of mammals rodent
35%
Asiatic wild ass related to the kiang onager
8%
No matching quizzes found
Score Distribution
Percent of People with Each Score
Percentile by Number Answered
Your Score History
You have not taken this quiz